Fenomenología de la percepción
Salvato in:
| Autore principale: | |
|---|---|
| Natura: | Libro |
| Lingua: | spagnolo |
| Pubblicazione: |
Barcelona
Peninsula
1997
|
| Edizione: | 4a. ed |
| Serie: | Colección Historia, Ciencia, Sociedad, 121
|
| Soggetti: | |
| Tags: |
Aggiungi Tag
Nessun Tag, puoi essere il primo ad aggiungerne!!
|
MARC
| LEADER | 00000nam a2200000 a 4500 | ||
|---|---|---|---|
| 001 | UCR6199 | ||
| 003 | CL-VaPUC | ||
| 008 | 980420e19970000SP |||||||||||||||||spa|d | ||
| 082 | 0 | 4 | |a 142.7 |b MER |2 21 |
| 100 | |a Merleau-Ponty, Maurice |e autor |9 302544 | ||
| 245 | 1 | 0 | |a Fenomenología de la percepción |
| 250 | |a 4a. ed | ||
| 300 | |a 469 p | ||
| 942 | |c BK | ||
| 945 | |d 19980420 00:00:00 |a rbrito | ||
| 260 | |a Barcelona |b Peninsula |c 1997 | ||
| 650 | 0 | |a Percepción |9 266750 | |
| 650 | 0 | |a Fenomenología |9 256519 | |
| 650 | 7 | |a MOTRICIDAD |2 CL-VaPUC |9 307419 | |
| 650 | 0 | |a Alucinación |9 407404 | |
| 650 | 0 | |a Libertad |9 255686 | |
| 650 | 0 | |a Tiempo |9 267892 | |
| 650 | 0 | |a Sexualidad |9 358183 | |
| 583 | |a last modification |c 19980420 00:00:00 |k Rodrigo Vera | ||
| 490 | 0 | |a Colección Historia, Ciencia, Sociedad, 121 | |
| 999 | |c 268499 |d 268497 | ||
| 952 | |0 0 |1 0 |4 0 |6 142_700000000000000_MER_1997 |7 0 |8 A |9 301682 |a BIBART |b BIBART |d 2019-11-20 |i 3407403 |l 1 |o 142.7 MER 1997 |p 3407403 |r 2025-03-13 |s 2024-10-15 |w 2019-11-20 |y BK |k ART | ||